The one-way relationship workbook : (Record no. 228)

MARC details
000 -LEADER
fixed length control field 01275cam a2200325 a 4500
005 - DATE AND TIME OF LATEST TRANSACTION
control field 20260322212011.0
008 - FIXED-LENGTH DATA ELEMENTS--GENERAL INFORMATION
fixed length control field data
010 ## - LIBRARY OF CONGRESS CONTROL NUMBER
LC control number 2010043968
020 ## - INTERNATIONAL STANDARD BOOK NUMBER
International Standard Book Number 9781572249097 (pbk.)
020 ## - INTERNATIONAL STANDARD BOOK NUMBER
International Standard Book Number 9781572249103 (pdf ebook)
020 ## - INTERNATIONAL STANDARD BOOK NUMBER
International Standard Book Number 1572249099
040 ## - CATALOGING SOURCE
Original cataloging agency DLC
Transcribing agency DLC
Modifying agency DLC
042 ## - AUTHENTICATION CODE
Authentication code pcc
050 00 - LIBRARY OF CONGRESS CALL NUMBER
Classification number BF575.N35
Item number L39 2010
082 00 - DEWEY DECIMAL CLASSIFICATION NUMBER
Classification number 158.2
Edition information 22
092 ## - LOCALLY ASSIGNED DEWEY CALL NUMBER (OCLC)
Classification number 158.2 L39 2010
001 - CONTROL NUMBER
control field data
100 1# - MAIN ENTRY--PERSONAL NAME
Personal name Lavender, Neil J.
245 14 - TITLE STATEMENT
Title The one-way relationship workbook :
Remainder of title step-by-step help for coping with narcissists, egotistical lovers, toxic coworkers, and others who are incredibly self-absorbed /
Statement of responsibility, etc. Neil J. Lavender & Alan A. Cavaiola.
260 ## - PUBLICATION, DISTRIBUTION, ETC.
Place of publication, distribution, etc. Oakland, CA :
Name of publisher, distributor, etc. New Harbinger Publications,
Date of publication, distribution, etc. c2010.
300 ## - PHYSICAL DESCRIPTION
Extent vii, 134 p. ;
Dimensions 26 cm.
504 ## - BIBLIOGRAPHY, ETC. NOTE
Bibliography, etc. note Includes bibliographical references.
650 #0 - SUBJECT ADDED ENTRY--TOPICAL TERM
Topical term or geographic name entry element Narcissism.
650 #0 - SUBJECT ADDED ENTRY--TOPICAL TERM
Topical term or geographic name entry element Interpersonal relations.
650 #0 - SUBJECT ADDED ENTRY--TOPICAL TERM
Topical term or geographic name entry element Interpersonal conflict.
700 1# - ADDED ENTRY--PERSONAL NAME
Personal name Cavaiola, Alan A.
906 ## - LOCAL DATA ELEMENT F, LDF (RLIN)
a 7
b cbc
c orignew
d 1
e ecip
f 20
g y-gencatlg
925 0# -
-- acquire
-- 2 shelf copies
-- policy default
955 ## - COPY-LEVEL INFORMATION (RLIN)
-- rd06 2010-10-18
-- rc09 2011-04-18
-- rc09 2011-04-18 c. 2 added
Holdings
Withdrawn status Lost status Damaged status Not for loan Home library Current library Shelving location Date acquired Total checkouts Full call number Barcode Date last seen Price effective from Koha item type
        Franklin Franklin General stacks 22/03/2026   158.2 22 BC0010236 22/03/2026 22/03/2026 Books